[Event "CRO-chT"]
[Site "Tucepi"]
[Date "1996.??.??"]
[Round "?"]
[White "Samardzic, Jasna"]
[Black "Macek, Vlasta"]
[Result "0-1"]
[WhiteElo "2075"]
[BlackElo "2250"]

1.e4 e6 2.d4 c5 3.Nf3 cxd4 4.Nxd4 a6 5.Nc3 Qc7 6.Be3 Nf6 7.a3 Nc6 8.Be2 Be7
9.O-O d6 10.f4 O-O 11.Kh1 Bd7 12.Qe1 Nxd4 13.Bxd4 e5 14.Be3 Bc6 15.Bf3 b5
16.Qg3 Kh8 17.Rad1 a5 18.fxe5 dxe5 19.Bg5 Rad8 20.Nd5 Bxd5 21.exd5 Ne8 22.Be4 Bxg5
23.Qxg5 Nd6 24.Bf5 f6 25.Qh5 Nxf5 26.Qxf5 Rd6 27.Rf3 Qc8 28.Qe4 Kg8 29.Rc3 Qd7
30.Rcd3 Rc8 31.b3 Qe8 32.c4 bxc4 33.bxc4 g6 34.h3 f5 35.Qh4 e4 36.Rc3 Qe5
37.Qe1 f4 38.Rdc1 e3 39.Qe2 Rxd5 40.Qf3 Rd2 41.R3c2 Rxc2 42.Rxc2 Re8 43.Qe2 Rd8
44.Qe1 Qe4 45.Qe2 Qd3 46.Kh2 Qxe2 47.Rxe2 Rd2 48.Re1 Rc2  0-1

[Event "CRO-chT"]
[Site "Tucepi"]
[Date "1996.??.??"]
[Round "?"]
[White "Messing, Hrvoje"]
[Black "Cvitan, Ognjen"]
[Result "0-1"]
[WhiteElo "2335"]
[BlackElo "2540"]

1.e4 c5 2.Nf3 e6 3.d4 cxd4 4.Nxd4 a6 5.Nc3 d6 6.Be3 b5 7.a3 Bb7 8.f4 Nd7
9.Bd3 Rc8 10.O-O Ngf6 11.Qf3 Nc5 12.Rae1 Be7 13.Bf2 O-O 14.Qh3 Nfd7 15.f5 e5
16.Nf3 Nb6 17.Nd2 Re8 18.Qg4 Ncd7 19.Kh1 Nf6 20.Qf3 Nbd7 21.h3 h6 22.Kh2 Qc7
23.g4 d5 24.Bg3 Bxa3 25.Nxd5 Nxd5 26.bxa3 Nf4 27.Bxf4 exf4 28.Qxf4 Ne5 29.Kg3 Qc3
30.Nf3 Nxd3 31.cxd3 Qxd3 32.e5 Qxa3 33.Re3 Rc3  0-1

[Event "CRO-chT2"]
[Site "Tucepi"]
[Date "1996.??.??"]
[Round "?"]
[White "Bozanic, Ivica"]
[Black "Fucak, Emilijo"]
[Result "1/2-1/2"]
[WhiteElo "2240"]
[BlackElo "2300"]

1.e4 c5 2.Nf3 e6 3.d4 cxd4 4.Nxd4 a6 5.Nc3 Qc7 6.g3 Nf6 7.Bg2 Be7 8.O-O d6
9.Be3 Nc6 10.Nxc6 bxc6 11.Na4 Rb8 12.c4 c5 13.b3 Bd7 14.Nc3 Bc6 15.Qc2 Qb7
16.h3 O-O 17.f4 d5 18.exd5 exd5 19.Nxd5 Nxd5 20.cxd5 Bxd5 21.Rad1  1/2-1/2

[Event "Ubeda op"]
[Site "Ubeda"]
[Date "1996.??.??"]
[Round "?"]
[White "Marciano, David"]
[Black "Korneev, Oleg"]
[Result "0-1"]
[WhiteElo "2495"]
[BlackElo "2590"]

1.e4 c5 2.Nf3 e6 3.d4 cxd4 4.Nxd4 a6 5.Nc3 Qc7 6.Be2 b5 7.O-O Bb7 8.Re1 Nc6
9.Nxc6 dxc6 10.e5 Ne7 11.Bd3 O-O-O 12.a4 c5 13.axb5 c4 14.bxa6 Bc6 15.Nb5 Bxb5
16.a7 Kb7 17.Be4+ Bc6 18.Qd4 Bxe4 19.Qxe4+ Qc6 20.Bg5 Qxe4 21.Rxe4 Ka8 22.Rxc4 Rc8
23.Raa4 h6 24.Be3 Rd8 25.Rd4 Rxd4 26.Rxd4 Nd5 27.c4 Nxe3 28.Rd8+ Kxa7 29.fxe3 g5
30.b4 Kb6 31.b5 Bg7 32.Rd7 Rf8 33.Kf2 Bxe5 34.Kf3 Kc5  0-1

[Event "CZE-ch (Women)"]
[Site "Usti nad Labem"]
[Date "1996.??.??"]
[Round "2"]
[White "Jackova, Jana"]
[Black "Muzikantova, Vladimira"]
[Result "1-0"]
[WhiteElo "2210"]
[BlackElo "1930"]

1.e4 c5 2.Nf3 e6 3.d4 cxd4 4.Nxd4 a6 5.Nc3 Bb4 6.Bd2 Nf6 7.Bd3 d6 8.O-O Bd7
9.Kh1 Nc6 10.Nb3 O-O 11.f4 Rc8 12.a3 Bxc3 13.Bxc3 e5 14.Qf3 Bg4 15.Qg3 Qd7
16.h3 Be6 17.fxe5 Ne8 18.exd6 Bxb3 19.cxb3 Qxd6 20.e5 Qc7 21.Qh4 g6 22.Rae1 Qd8
23.Qe4 Nc7 24.Bc4 Qe8 25.e6 Nxe6 26.Rxf7 Rxf7 27.Bxe6 Kf8 28.Bxc8 Qxc8 29.Qd5 b5
30.Qc5+ Ne7 31.Qe5 Qf5 32.Qh8+ Ng8 33.Bb4+  1-0

[Event "Carl Schlechter mem"]
[Site "Vienna"]
[Date "1996.??.??"]
[Round "3"]
[White "Roth, Peter"]
[Black "Koller, Hubert"]
[Result "1-0"]
[WhiteElo "2295"]
[BlackElo "2205"]

1.e4 e6 2.d4 c5 3.Nf3 a6 4.Nc3 cxd4 5.Nxd4 Qc7 6.Bd3 Nc6 7.Nxc6 bxc6 8.Qe2 e5
9.O-O Nf6 10.f4 Bc5+ 11.Kh1 d6 12.Na4 Bg4 13.Qe1 Ba7 14.Qh4 Be6 15.fxe5 dxe5
16.Bd2 Nd7 17.Qg3 Rg8 18.Bc3 f6 19.Rad1 Ke7 20.Bxa6 Bb8 21.Rxd7+ Qxd7 22.Bb4+ Kf7
23.Nc5 Qe7 24.Be2 Rxa2 25.Qc3 Qa7 26.Nxe6 Re8 27.Ng5+  1-0

[Event "Carl Schlechter mem"]
[Site "Vienna"]
[Date "1996.??.??"]
[Round "3"]
[White "Groetz, Harald"]
[Black "Rotshtein, Efim"]
[Result "0-1"]
[WhiteElo "2280"]
[BlackElo "2315"]

1.e4 c5 2.Nf3 e6 3.Nc3 a6 4.d4 cxd4 5.Nxd4 Qc7 6.g3 Nf6 7.Bg2 Be7 8.O-O d6
9.Bg5 O-O 10.Qe2 Nc6 11.Nxc6 bxc6 12.e5 dxe5 13.Ne4 Nxe4 14.Bxe7 Nxg3 15.hxg3 Qxe7
16.Bxc6 Bb7 17.Bxb7 Qxb7 18.Qxe5 Rac8 19.Rac1 Rfd8 20.Rfd1 h6 21.Rd4 Qb6
22.Rg4 g6 23.Re1 Rd5 24.Qe4 Rf5 25.Qe2 h5 26.Re4 Qxb2 27.Rxe6 Rxc2 28.Re8+ Kh7
29.Qe3 Rcxf2 30.Qe4 R5f3  0-1

[Event "Vienna op"]
[Site "Vienna"]
[Date "1996.??.??"]
[Round "4"]
[White "Tischbierek, Raj"]
[Black "Tratar, Marko"]
[Result "1-0"]
[WhiteElo "2500"]
[BlackElo "2420"]

1.e4 c5 2.Nc3 e6 3.Nf3 a6 4.d4 cxd4 5.Nxd4 d6 6.Be3 b5 7.Bd3 Bb7 8.f4 Nd7
9.Qf3 Ngf6 10.g4 b4 11.Nce2 e5 12.Nf5 d5 13.Nfg3 Bc5 14.g5 dxe4 15.Nxe4 Nxe4
16.Bxe4 Bxe4 17.Qxe4 Bxe3 18.Qxe3 O-O 19.f5 Qb6 20.Qxb6 Nxb6 21.O-O-O Rfd8
22.Ng3 Kf8 23.Ne4 Nc4 24.f6 Rd4 25.Rxd4 exd4 26.Rd1 Rd8 27.Rd3 Ne5 28.Rh3 Kg8
29.a3 a5 30.Kb1 Rc8 31.axb4 axb4 32.Nd6 Rc5 33.Rg3 Ng6 34.Rb3 gxf6 35.gxf6 Rd5
36.Nc8 Rb5 37.Rd3 Rb8 38.Nd6 Rd8 39.Rxd4 Kf8 40.Kc1 Ne5 41.h3 h6 42.Rd2 h5
43.b3 Kg8 44.Rg2+ Ng6 45.Nf5 Kh7 46.Rg5  1-0

[Event "Carl Schlechter mem"]
[Site "Vienna"]
[Date "1996.??.??"]
[Round "5"]
[White "Holzer, Gerhard"]
[Black "Weissel, Georg"]
[Result "1/2-1/2"]
[WhiteElo "2230"]
[BlackElo "2095"]

1.e4 c5 2.Nf3 e6 3.Nc3 a6 4.d4 cxd4 5.Nxd4 Qc7 6.Be2 b5 7.O-O Bb7 8.Bf3 b4
9.Na4 d6 10.c3 bxc3 11.Nxc3 Nd7 12.Qa4 Nf6 13.Be3 Rc8 14.Rac1 Qb8 15.g4 h6
16.h3 Be7 17.Bg2 O-O 18.f3 Ne5 19.Rcd1 d5 20.Qb3 Nc4 21.Bc1 Qa7 22.Kh1 Rfd8
23.Nde2 Ba8 24.Ng3 d4 25.Nce2 a5 26.Rd3 Ne5 27.Rd2 Bb4 28.Rdd1 Rb8 29.a3 Be7
30.Qa2 d3 31.Nf4 Rbc8 32.h4 Nh7 33.Nxe6 fxe6 34.Qxe6+ Nf7 35.Nf5 Bf8 36.g5 hxg5
37.hxg5 Rc6 38.Qa2 g6 39.Be3 Qa6 40.Nh4 Qc4 41.Qxc4 Rxc4 42.Bb6 Rd6 43.Bxa5 Nhxg5
44.b3 Rc2 45.Bb4 Rb6 46.Bxf8 Kxf8 47.Rxd3 Ra2 48.a4 Bb7 49.Rc1 Kg7 50.Rc5 Ne6
51.Rb5 Rxb5 52.axb5 Ra5 53.Bf1 Rxb5 54.Ng2 Rh5+ 55.Kg1 Ba6 56.Rd5 Rxd5 57.exd5 Nc7  1/2-1/2

[Event "Vienna op-B"]
[Site "Vienna"]
[Date "1996.??.??"]
[Round "7"]
[White "Alvir, Aco"]
[Black "Jaracz, Pawel"]
[Result "0-1"]
[WhiteElo "2355"]
[BlackElo "2395"]

1.e4 c5 2.Nf3 e6 3.Nc3 a6 4.d4 cxd4 5.Nxd4 Qc7 6.Bd3 Nf6 7.Qe2 d6 8.g4 h6
9.g5 hxg5 10.Bxg5 Nc6 11.Nb3 b5 12.f4 b4 13.Nb1 a5 14.a4 bxa3 15.Nxa3 Rb8
16.Bb5 Bd7 17.O-O-O Na7 18.Nd4 Nxb5 19.Naxb5 Qc5 20.Na3 Rh3 21.Rd3 Rxd3 22.Qxd3 d5
23.Bxf6 dxe4 24.Qxe4 gxf6 25.c3 Qc7 26.Rf1 Bxa3 27.bxa3 Qxc3+ 28.Nc2 Qb2+
29.Kd2 Rd8 30.Ke3 Bb5 31.Rf2 Qc3+  0-1

[Event "Carl Schlechter mem"]
[Site "Vienna"]
[Date "1996.??.??"]
[Round "9"]
[White "Balinov, Ilija"]
[Black "Palos, Osman"]
[Result "1-0"]
[WhiteElo "2385"]
[BlackElo "2335"]

1.e4 c5 2.Nf3 e6 3.d4 cxd4 4.Nxd4 a6 5.Nc3 Qc7 6.Be2 Nf6 7.O-O Bb4 8.Bg5 Bxc3
9.Bxf6 gxf6 10.bxc3 Qxc3 11.Rb1 Nc6 12.Nxc6 dxc6 13.Rb3 Qe5 14.f4 Qc5+ 15.Kh1 b5
16.Rd3 Qe7 17.f5 e5 18.Qd2 Ra7 19.Rd1 Rd7 20.Rxd7 Bxd7 21.c4 Bc8 22.Qh6 Rg8
23.Qxh7 Qf8 24.Qh4 Qe7 25.Qf2 bxc4 26.Qb6 Kf8 27.Qd8+ Qxd8 28.Rxd8+ Kg7 29.Rxg8+ Kxg8
30.Bxc4 a5 31.Kg1 c5 32.Kf2 Bb7 33.Ke3 Kg7 34.Kd3 Bc6 35.Ke3 Ba4 36.Kd2 Bc6
37.Bd3 Bb7 38.Kc3 Kh6 39.h4 Kh5 40.g3 Kh6 41.Kb3 Bc6 42.Kc4 Ba4 43.Be2 Bc2
44.Bf3 a4 45.Kxc5 Bb3 46.a3 Kg7 47.Kb4 Kh6 48.Kc3 Ba2 49.Bd1  1-0

[Event "Villa Martelli op"]
[Site "Villa Martelli"]
[Date "1996.??.??"]
[Round "5"]
[White "Rodriguez, Andres URU"]
[Black "Peralta, Fernando"]
[Result "1-0"]
[WhiteElo "2575"]
[BlackElo "2315"]

1.e4 c5 2.Nf3 e6 3.d4 cxd4 4.Nxd4 a6 5.Nc3 Qc7 6.g3 Bb4 7.Ne2 Nf6 8.Bg2 Be7
9.O-O Nc6 10.a4 O-O 11.h3 Rb8 12.f4 b5 13.axb5 axb5 14.e5 Ne8 15.Kh2 d6 16.Nd4 Nxd4
17.Qxd4 b4 18.Ra7 dxe5 19.Rxc7 exd4 20.Rxe7 dxc3 21.bxc3 bxc3 22.Ba3 Nf6
23.Bd6 Rb6 24.Bc5 Rb5 25.Rc7 Re8 26.Ra1 h6 27.Ra8 Bd7 28.Raa7 Rc8 29.Bd4 Rxc7
30.Rxc7 Rb2 31.Bxf6 gxf6 32.Rxd7 Rxc2 33.Rc7 f5 34.h4 Kf8 35.Kh3 Rc1 36.Bf3 Ke8
37.Kg2 Kd8 38.Rc4 Kd7 39.Kf2 f6 40.Rd4+ Ke7 41.Rd1 Rc2+ 42.Ke3 e5 43.Be2 Ra2
44.Rc1 c2 45.Kd2 Ra3 46.Bd3 e4 47.Be2 Rxg3 48.Rxc2 Kd6 49.Ra2 Kd5 50.Ra6 Rb3
51.Rxf6 Ra3 52.Rxf5+ Kd4 53.Rb5 Ra2+ 54.Ke1 Ke3 55.Rb3+ Kxf4 56.Kf2 Rc2 57.h5 Rc6
58.Rg3 Rc1 59.Rg4+ Ke5 60.Rg6 Kf4 61.Rf6+ Kg5 62.Rf8 Rc3 63.Rg8+ Kf4 64.Rg4+ Kf5
65.Rg6 Kf4 66.Rb6 Rh3 67.Rf6+ Ke5 68.Rf8 Rh2+ 69.Kg3  1-0

[Event "JUG-chT"]
[Site "Vrnjacka Banja"]
[Date "1996.??.??"]
[Round "?"]
[White "Damjanovic, Vladimir"]
[Black "Solak, Dragan"]
[Result "1/2-1/2"]
[WhiteElo "2440"]
[BlackElo "2365"]

1.e4 c5 2.Nf3 e6 3.d4 cxd4 4.Nxd4 a6 5.Nc3 Qc7 6.Be2 Nf6 7.O-O d6 8.f4 Be7
9.Qe1 O-O 10.Qg3 Qb6 11.Be3 Qxb2 12.Bf2 Qb4 13.e5 dxe5 14.fxe5 Nfd7 15.Nd5 exd5
16.Nf5 g6 17.a3 Bh4 18.axb4 Bxg3 19.Ne7+ Kg7 20.Bxg3 Nb6 21.Bf2 Re8 22.Nxg6 hxg6
23.Bxb6 Nc6 24.Bb5 Be6  1/2-1/2

[Event "JUG-chT"]
[Site "Vrnjacka Banja"]
[Date "1996.??.??"]
[Round "?"]
[White "Dimitrov, Vladimir"]
[Black "Tringov, Georgi P"]
[Result "1/2-1/2"]
[WhiteElo "2495"]
[BlackElo "2440"]

1.e4 c5 2.Nf3 e6 3.d4 cxd4 4.Nxd4 a6 5.Nc3 Qc7 6.Be2 Nf6 7.O-O d6 8.f4 Be7
9.Kh1 O-O 10.a4 Nc6 11.Be3 Re8 12.Bf3 Bd7 13.Nb3  1/2-1/2

[Event "Wattens op"]
[Site "Wattens"]
[Date "1996.??.??"]
[Round "5"]
[White "Jedinger, Andreas"]
[Black "Farago, Ivan"]
[Result "0-1"]
[WhiteElo "2100"]
[BlackElo "2515"]

1.e4 c5 2.Nf3 e6 3.d4 cxd4 4.Nxd4 a6 5.Nc3 Qc7 6.Be2 Bb4 7.O-O Nf6 8.Qd3 Nc6
9.Kh1 O-O 10.f4 d5 11.e5 Nd7 12.Nxc6 bxc6 13.Qh3 f5 14.Bd2 Rb8 15.a3 Be7
16.b3 Bb7 17.Bf3 c5 18.Na4 Bc6 19.Nb2 c4 20.g4 cxb3 21.c3 Nc5 22.Qg2 Ne4
23.gxf5 exf5 24.c4 dxc4 25.Nxc4 b2 26.Ba5 bxa1=Q 27.Bxc7 Rb1 28.Rg1 Nf2+  0-1

[Event "Wattens op"]
[Site "Wattens"]
[Date "1996.??.??"]
[Round "9"]
[White "Lawitsch, Guenther"]
[Black "Farago, Ivan"]
[Result "0-1"]
[WhiteElo "2270"]
[BlackElo "2515"]

1.e4 c5 2.Nf3 e6 3.d4 cxd4 4.Nxd4 a6 5.Nc3 Qc7 6.Be2 Bb4 7.O-O Nf6 8.Qd3 Nc6
9.h3 O-O 10.Bg5 Be7 11.a4 Ng4 12.Bxg4 Bxg5 13.Rad1 Ne5 14.Qg3 Be7 15.Be2 d6
16.Nb3 Nc4 17.Rd4 Na5 18.Nxa5 Qxa5 19.Rfd1 Bf6 20.R4d2 Bd7 21.Rd3 Be5 22.Qe3 Rac8
23.Qd2 Qb4 24.f4 Bxc3 25.bxc3 Qxa4 26.Rxd6 Bc6 27.Rd4 Qa5 28.c4 Qxd2 29.R1xd2 e5
30.fxe5 Rce8 31.Bd3 Rxe5 32.Rf2 Rfe8 33.Rf5 f6 34.Kf2 Kf8 35.g4 Ke7 36.c5 g6
37.Rxe5+ fxe5 38.Rd6 Rf8+ 39.Ke3 Rf4 40.Bxa6 Rxe4+ 41.Kd3 Rf4 42.Bc4 Rf3+
43.Kd2 Rf2+ 44.Kc3 Rf6 45.Rd3 e4 46.Re3 Rf3 47.Kd4 Kf6 48.Bg8 h6 49.h4 g5
50.h5 Rf1 51.Bh7 Rd1+ 52.Kc3 Ke5 53.Re2 Kf4 54.Bf5 e3 55.Bd3 Bf3 56.Rh2 Kg3
57.Be2 Bxe2 58.Rxe2 Kf3  0-1

[Event "Werfen op-A"]
[Site "Werfen"]
[Date "1996.??.??"]
[Round "1"]
[White "Brunnsteiner, Mario"]
[Black "Bezold, Michael"]
[Result "0-1"]
[WhiteElo "2040"]
[BlackElo "2495"]

1.e4 c5 2.Nf3 e6 3.d4 cxd4 4.Nxd4 a6 5.Nc3 Qc7 6.a3 Nf6 7.Be2 b5 8.Bf3 Bb7
9.O-O d6 10.g3 Nbd7 11.Bg2 Be7 12.f4 h5 13.h3 g6 14.Re1 e5 15.Nb3 Rc8 16.Be3 h4
17.g4 exf4 18.Bxf4 Ne5 19.Nd2 Nfd7 20.Rc1 b4 21.Nd5 Bxd5 22.exd5 bxa3 23.bxa3 Qc5+
24.Kh1 Qxa3 25.Nf3 O-O 26.Re3 Qb4 27.Bxe5 Nxe5 28.Nxe5 dxe5 29.Rxe5 Bd6 30.Re4 Qa3
31.c4 Qg3 32.Qg1 Rc5 33.Re3 Qf4 34.Rf3 Qg5 35.Qf1 Rfc8 36.Rf6 Qe5 37.Rxd6 Qxd6
38.Qd3 a5 39.Bf1 Rxd5 40.cxd5 Rxc1  0-1

[Event "Werfen op-A"]
[Site "Werfen"]
[Date "1996.??.??"]
[Round "5"]
[White "Klovans, Janis"]
[Black "Miezis, Normunds"]
[Result "1/2-1/2"]
[WhiteElo "2530"]
[BlackElo "2530"]

1.e4 c5 2.Nf3 e6 3.d4 cxd4 4.Nxd4 a6 5.Nc3 Qc7 6.Bd3 Nc6 7.Nxc6 dxc6 8.a4 e5
9.O-O Bc5 10.Qe2 Nf6 11.Be3 Bg4 12.f3 Qb6 13.Bxc5 Qxc5+ 14.Qf2 Qxf2+ 15.Kxf2 Be6
16.a5 Ke7 17.Rfd1 Rhd8  1/2-1/2

[Event "Wuerzburg op"]
[Site "Wuerzburg"]
[Date "1996.??.??"]
[Round "3.9"]
[White "Rudolf, Henrik"]
[Black "Gipslis, Aivars"]
[Result "0-1"]
[WhiteElo "2235"]
[BlackElo "2465"]

1.e4 c5 2.Nf3 e6 3.d4 cxd4 4.Nxd4 a6 5.Nc3 b5 6.Be3 Bb7 7.f3 Nf6 8.g4 d6
9.Qd2 Be7 10.g5 Nfd7 11.h4 Nc6 12.Nxc6 Bxc6 13.Ne2 O-O 14.h5 Ne5 15.Nd4 Rc8
16.Bd3 d5 17.Qg2 dxe4 18.fxe4 Bc5 19.Nxc6 Rxc6 20.Rh3 Bxe3 21.Rxe3 Qd4 22.Rg3 Qxb2
23.Rd1 Qxa2 24.h6 g6 25.Qf2 f6 26.Qa7 Qa5+ 27.Ke2 Qc7 28.Qe3 fxg5  0-1

[Event "Yalta op"]
[Site "Yalta"]
[Date "1996.??.??"]
[Round "5"]
[White "Arzumanian, Georgy"]
[Black "Fish, Gannadij"]
[Result "0-1"]
[WhiteElo "2330"]
[BlackElo "2435"]

1.e4 c5 2.Nf3 e6 3.d4 cxd4 4.Nxd4 a6 5.Nc3 Qc7 6.Be2 Nf6 7.O-O Nc6 8.Be3 Be7
9.f4 d6 10.a4 O-O 11.Kh1 Re8 12.Bg1 Bd7 13.Nb3 b6 14.Bd3 Nb4 15.Qf3 Bc6 16.Nd4 Bb7
17.Qg3 Nd7 18.Nf3 Bf6 19.Bd4 e5 20.Be3 exf4 21.Bxf4 Ne5 22.Nxe5 Bxe5 23.Nd5 Bxd5
24.exd5 Nxd3 25.cxd3 Qc5 26.Bxe5 Rxe5 27.Rac1 Qxd5 28.Rc7 Rae8 29.h3 Rf5
30.Rxf5 Qxf5 31.Qxd6 Re1+ 32.Kh2 h6 33.Qd4 Qf1 34.Rc2 Qh1+ 35.Kg3 Re6 36.Kf2 Qe1+  0-1

[Event "Yalta op"]
[Site "Yalta"]
[Date "1996.??.??"]
[Round "7"]
[White "Moroz, Alexander"]
[Black "Shaposhnikov, Evgeny"]
[Result "1-0"]
[WhiteElo "2500"]
[BlackElo "2320"]

1.e4 c5 2.Nf3 e6 3.d4 cxd4 4.Nxd4 a6 5.Nc3 Qc7 6.Bd3 Nf6 7.O-O Be7 8.Be3 d6
9.f4 Nc6 10.Nb3 O-O 11.Qf3 Nb4 12.a3 Nxd3 13.cxd3 Bd7 14.Rac1 Qb8 15.g4 Bc6
16.Nd4 Nd7 17.b4 e5 18.Nf5 Bd8 19.a4 b5 20.a5 Kh8 21.Qh3 f6 22.d4 exd4 23.Bxd4 g6
24.g5 Re8 25.Nh6 Ra7 26.Nf7+ Kg7 27.Nxd8 Rxd8 28.Qh6+ Kg8 29.gxf6 Nf8 30.Bxa7 Qxa7+
31.Rf2 Rd7 32.Nd5 Bxd5 33.exd5 Qe3 34.Rc8 Qe1+ 35.Kg2 Qe4+ 36.Kg3 Qd3+ 37.Rf3  1-0

[Event "Yalta op"]
[Site "Yalta"]
[Date "1996.??.??"]
[Round "8"]
[White "Berelovich, Aleksandar"]
[Black "Kozel, Roman"]
[Result "1-0"]
[WhiteElo "2505"]
[BlackElo "2365"]

1.e4 c5 2.Nf3 e6 3.d4 cxd4 4.Nxd4 a6 5.Nc3 Qc7 6.Be2 Nf6 7.Bg5 Bb4 8.O-O Bxc3
9.Bxf6 gxf6 10.bxc3 h5 11.Qd3 b6 12.f4 Bb7 13.Rad1 d6 14.e5 Nc6 15.Nxc6 Qxc6
16.Bf3 Qc5+ 17.Kh1 d5 18.c4 a5 19.cxd5 Ba6 20.Qd2 O-O-O 21.Rfe1 exd5 22.exf6 h4
23.h3 Rd6 24.Re5 Bc4 25.Be2 Rhd8 26.Bxc4 Qxc4 27.Qf2 Rxf6 28.Rd4 Qxa2 29.Qxh4 Rc6
30.Qg4+ Kb8 31.Qf3 Qxc2 32.Rexd5 Rxd5 33.Rxd5 a4 34.Kh2 Qc3 35.Rd8+ Ka7 36.Rd3 Qc4
37.Qe3 Rc7 38.Rd4 Qc2 39.Rb4 Qc6 40.Qd4 a3 41.Ra4+ Kb7 42.Rxa3 Qc4 43.Qe3 Rc6
44.Rd3 b5 45.Rd4 Qe6 46.Qd3 Rc4 47.Rd6 Qe4 48.Rd7+ Kc8 49.Qxe4 Rxe4 50.Rxf7 b4
51.Kg3 b3 52.Rf5 Rb4 53.Rc5+ Kd7 54.Rc1 b2 55.Rb1 Ke6 56.Kg4 Kf6 57.Kf3 Ke6
58.h4 Kf6 59.h5 Ke6 60.g4 Rb3+ 61.Kg2 Kf6 62.h6 Kg6 63.g5 Kh7 64.Kf2 Kg6
65.Ke2 Rh3 66.Kd2 Rf3 67.Rxb2 Rf2+ 68.Kc3 Rxf4 69.Rb5 Rh4 70.Re5 Rg4 71.Kd3 Ra4
72.Ke3 Rb4 73.Kf3 Ra4 74.Kg3 Rb4  1-0

[Event "Yerevan ol (Men)"]
[Site "Yerevan"]
[Date "1996.??.??"]
[Round "1"]
[White "Mamadshoev, Marat"]
[Black "Nijboer, Friso"]
[Result "1/2-1/2"]
[WhiteElo "2315"]
[BlackElo "2525"]

1.e4 c5 2.Nf3 e6 3.d4 cxd4 4.Nxd4 a6 5.Nc3 Qc7 6.Bd3 Nc6 7.Nxc6 dxc6 8.O-O e5
9.f4 Nf6 10.Kh1 Bd6 11.f5 b5 12.Bg5 Be7 13.a4 Bb7 14.Qf3 h6 15.Be3 O-O 16.b3 Bb4
17.Nd1 c5 18.c3 c4 19.bxc4 bxc4 20.Bc2 Bc5 21.Nf2 Rab8 22.Rab1 Ba8 23.g4 Nd7
24.h4 Rxb1 25.Rxb1 Rb8 26.Rxb8+ Qxb8 27.Nd1 Bxe3 28.Qxe3 Kf8 29.g5 hxg5 30.hxg5 Ke7
31.Kg2 Qb6 32.Qe2 Qc5 33.Ne3 Nb6 34.f6+ gxf6 35.Nf5+ Kd8 36.gxf6 Qc6 37.Qd2+ Kc7
38.Ne3 Qxf6 39.a5 Nd7 40.Nxc4 Qg6+ 41.Kf2 Qf6+ 42.Ke2 Bc6 43.Ne3 Qd6 44.Qxd6+ Kxd6
45.Bb3 f6 46.Bd5 Kc5 47.Kf3 Bxd5 48.exd5 Kb5 49.Ke4 Kxa5 50.Kf5 Kb6 51.Ke6 Kc7
52.Nc4 e4 53.d6+ Kd8 54.Kf5 Nb6 55.Ne3 Kd7 56.Kxf6 Kxd6 57.Kf5 Nd5 58.Kxe4 Nxc3+
59.Kd3  1/2-1/2

[Event "Yerevan ol (Women)"]
[Site "Yerevan"]
[Date "1996.??.??"]
[Round "1"]
[White "Murray Ortiz, Gisela"]
[Black "Kunte, Mrunalini"]
[Result "0-1"]
[WhiteElo "2005"]
[BlackElo "2140"]

1.e4 c5 2.Nf3 e6 3.d4 cxd4 4.Nxd4 a6 5.Nc3 Qc7 6.Be2 b5 7.a3 Bb7 8.Be3 Nf6
9.f3 Nc6 10.O-O Bc5 11.Kh1 Qb6 12.Nxc6 Bxe3 13.Ne5 Bd4 14.Nd3 Bxc3 15.bxc3 Rc8
16.Qd2 O-O 17.Rfd1 Qc7 18.Nb4 Qxc3 19.a4 Qxd2 20.Rxd2 a5 21.e5 axb4 22.exf6 d5
23.fxg7 Kxg7 24.Bxb5 Bc6 25.Bxc6 Rxc6 26.Rb1 Rc4 27.Kg1 Ra8 28.Ra1 Kf6 29.Kf2 Ke5
30.Ra2 Rc3 31.Rd1 Ra3 32.Raa1 R8xa4  0-1

[Event "Yerevan ol (Men)"]
[Site "Yerevan"]
[Date "1996.??.??"]
[Round "2"]
[White "Camilleri, Henry"]
[Black "Ahmed, Esam Aly"]
[Result "0-1"]
[WhiteElo "2145"]
[BlackElo "2385"]

1.e4 c5 2.Nf3 e6 3.d4 cxd4 4.Nxd4 a6 5.Nc3 Qc7 6.Bd3 Nf6 7.O-O b5 8.Bg5 Bd6
9.Nf3 Ng4 10.h3 Ne5 11.Nxe5 Bxe5 12.Bd2 d6 13.f4 Bd4+ 14.Kh1 Nd7 15.a4 b4
16.Ne2 Bxb2 17.Rb1 Bc3 18.Bxc3 bxc3 19.Rb3 Nc5 20.Rxc3 Bd7 21.Qa1 O-O 22.a5 Rfb8
23.Nd4 Qb7 24.Nb3 Nxe4 25.Bxe4 Qxe4 26.Rg3 e5 27.fxe5 Qxe5 28.Qe1 Qxe1 29.Rxe1 Rc8
30.Re7 Ba4 31.Nd4 Rc5 32.Ne6 Rxa5 33.Rxg7+ Kh8 34.Rexf7 Bxc2 35.Ng5 Bg6 36.Nxh7 Bxf7
37.Rxf7 Kg8 38.Rd7 Rf5 39.g4 Rf7 40.Rxf7 Kxf7 41.h4 a5 42.Ng5+ Kg6 43.Ne4 a4
44.h5+ Kh6  0-1

[Event "Yerevan ol (Men)"]
[Site "Yerevan"]
[Date "1996.??.??"]
[Round "2"]
[White "Khachian, Melikset"]
[Black "Kurajica, Bojan"]
[Result "0-1"]
[WhiteElo "2480"]
[BlackElo "2490"]

1.e4 c5 2.Nf3 e6 3.d4 cxd4 4.Nxd4 a6 5.Nc3 Qc7 6.g3 Bb4 7.Ne2 Be7 8.Bg2 d6
9.O-O Nf6 10.h3 Nc6 11.Be3 b5 12.a3 Bb7 13.f4 Na5 14.b3 Nd7 15.Qd2 Rc8 16.Rad1 O-O
17.g4 Rfd8 18.g5 d5 19.exd5 Nb6 20.Nxb5 axb5 21.Qxa5 Nxd5 22.Qxc7 Rxc7 23.Bxd5 Rxd5
24.Rxd5 Bxd5 25.Nd4 Bxa3 26.c4 bxc4 27.Nb5 Bc5 28.Nxc7 Bxe3+ 29.Kh2 c3 30.Nxd5 exd5
31.Ra1 Kf8 32.Ra8+ Ke7 33.Rc8 d4 34.b4 Bd2 35.b5 Kd7 36.Rc4 d3 37.b6 c2 38.b7 Bxf4+
39.Rxf4 Kc7 40.Rc4+ Kxb7  0-1

[Event "Yerevan ol (Men)"]
[Site "Yerevan"]
[Date "1996.??.??"]
[Round "2"]
[White "Kuczynski, Robert"]
[Black "Galego, Luis"]
[Result "1-0"]
[WhiteElo "2510"]
[BlackElo "2435"]

1.e4 c5 2.Nf3 e6 3.d4 cxd4 4.Nxd4 a6 5.Nc3 Qc7 6.Be2 Bc5 7.O-O Nf6 8.Bg5 Nc6
9.Nb3 Bb4 10.Qd3 Bxc3 11.Qxc3 Nxe4 12.Qxg7 Qe5 13.Qxe5 Nxe5 14.Be3 Ng6 15.c4 Rg8
16.Rfd1 Nf6 17.Nc5 Ke7 18.Na4 d6 19.Nb6 Rb8 20.f3 Bd7 21.Rd2 Ne5 22.Bf4 Rbd8
23.c5 Bb5 24.cxd6+ Rxd6 25.Rxd6 Ng6 26.Bg3 Bxe2 27.a4 a5 28.Rd2 Ba6 29.Bd6+  1-0

[Event "Yerevan op"]
[Site "Yerevan"]
[Date "1996.??.??"]
[Round "3"]
[White "Grigorian, Arusiak"]
[Black "Akopian, Gagnik E"]
[Result "0-1"]
[WhiteElo "2165"]
[BlackElo "2300"]

1.e4 e6 2.d4 c5 3.Nf3 cxd4 4.Nxd4 a6 5.Nc3 Qc7 6.g3 b5 7.Bg2 Bb7 8.O-O Nc6
9.Be3 Ne5 10.Kh1 Nc4 11.Bc1 Nf6 12.Qe2 Rc8 13.f4 d6 14.Nd1 Nb6 15.c3 e5 16.fxe5 dxe5
17.Nf5 Qc4 18.Qxc4 Rxc4 19.Be3 Nbd7 20.b3 Rc8 21.Nf2 g6 22.Nh6 Rxc3 23.Bg5 Be7
24.Rac1 Rxc1 25.Rxc1 Ng8 26.Be3 Nxh6 27.Bxh6 Bd6 28.Bh3 Ke7 29.Bg5+ f6 30.Bxd7 Kxd7
31.Bxf6 Rf8 32.Ng4 h5 33.Bxe5 hxg4 34.Rd1 Ke6 35.Bxd6 Rd8  0-1

[Event "Yerevan op"]
[Site "Yerevan"]
[Date "1996.??.??"]
[Round "3"]
[White "Alexanian, Vahe"]
[Black "Aslanian, Ludmila K"]
[Result "1-0"]
[WhiteElo "2170"]
[BlackElo "2195"]

1.e4 c5 2.Nf3 e6 3.Nc3 a6 4.d4 cxd4 5.Nxd4 d6 6.Bc4 Nf6 7.Bb3 Be7 8.O-O b5
9.Qf3 Qc7 10.Qg3 O-O 11.Bh6 Ne8 12.Rad1 Bd7 13.f4 Nc6 14.Nxc6 Qxc6 15.f5 Qc5+
16.Be3 Qc8 17.Bd4 exf5 18.Nd5 Bd8 19.Rde1 fxe4 20.Rxe4 Be6 21.Nf4 Bg4 22.Nh5 Bxh5
23.Rxe8  1-0

[Event "Yerevan op"]
[Site "Yerevan"]
[Date "1996.??.??"]
[Round "3"]
[White "Mnatsakanian, Eduard A"]
[Black "Khurtsidze, Nino"]
[Result "0-1"]
[WhiteElo "2390"]
[BlackElo "2365"]

1.e4 c5 2.Nf3 e6 3.d4 cxd4 4.Nxd4 a6 5.Nc3 Qc7 6.g3 Bb4 7.Bd2 Nf6 8.Bg2 Nc6
9.Nb3 Be7 10.O-O O-O 11.Bf4 d6 12.a4 b6 13.Qe2 Bb7 14.h3 Rac8 15.Be3 Ne5
16.Nd2 Nfd7 17.Rfd1 Rfd8 18.f4 Nc4 19.Nxc4 Qxc4 20.Qf2 Qc7 21.Rd2 Bc6 22.Qe2 Qb7
23.Bf2 Bf8 24.g4 Ra8 25.Qe3 b5 26.a5 Rac8 27.Nd5 Nc5 28.Nb6 Rb8 29.Re1 f5
30.Bh4 Nxe4 31.Bxe4 Bxe4 32.Bxd8 Rxd8 33.gxf5 exf5 34.Qb3+ d5 35.Rxe4 fxe4
36.Rxd5 Rxd5 37.Qxd5+ Qxd5 38.Nxd5 Kf7 39.Kf2 Bc5+ 40.Ke2  0-1

[Event "Yerevan ol (Men)"]
[Site "Yerevan"]
[Date "1996.??.??"]
[Round "4"]
[White "Doghri, Nabil"]
[Black "Izquierdo, Daniel"]
[Result "1/2-1/2"]
[WhiteElo "2350"]
[BlackElo "2275"]

1.e4 c5 2.Nf3 e6 3.d4 cxd4 4.Nxd4 a6 5.Nc3 Qc7 6.Be2 Nc6 7.Be3 Nf6 8.O-O Bb4
9.Nxc6 bxc6 10.Na4 O-O 11.Nb6 Rb8 12.Nxc8 Rfxc8 13.Bxa6 Rf8 14.Bd3 Bd6 15.h3 Be5
16.c3 Rxb2 17.Qc1 Qb7 18.Re1 Ra8 19.Bf4 Qb6 20.Rf1 Bxf4 21.Qxf4 Raxa2 22.Rxa2 Rxa2
23.Rb1 Rb2 24.Rxb2 Qxb2 25.e5 Nd5 26.Bxh7+ Kh8 27.Qh4 Qc1+ 28.Kh2 Qh6 29.Qxh6 gxh6
30.Bc2 Nxc3 31.Kg3 Kg7 32.Bd3 Nb5 33.f4 d5 34.exd6 Nxd6 35.Kf3 Kf6 36.g4 Ke7
37.h4 c5 38.Ke3 Ne8 39.g5 h5 40.f5 Nd6 41.fxe6 Kxe6 42.Be2 Nf5+ 43.Kd3 Nxh4
44.Bxh5 Ng6 45.Ke4 Ne5 46.Be2 Kd6 47.Bd1 Nc4 48.Bh5 Ke6 49.Bxf7+  1/2-1/2

[Event "Yerevan ol (Men)"]
[Site "Yerevan"]
[Date "1996.??.??"]
[Round "5"]
[White "Camilleri, Henry"]
[Black "Gallego, Ruben"]
[Result "0-1"]
[WhiteElo "2145"]
[BlackElo "2255"]

1.e4 c5 2.Nf3 e6 3.d4 cxd4 4.Nxd4 a6 5.Nc3 Qc7 6.Bd3 Nf6 7.O-O Be7 8.Bg5 O-O
9.Kh1 d6 10.f4 Nc6 11.Nxc6 bxc6 12.Qe1 e5 13.Rd1 exf4 14.Rxf4 Nh5 15.Bxe7 Qxe7
16.Qh4 Qe5 17.Rff1 Be6 18.Ne2 Nf6 19.Qg3 Rfd8 20.b3 a5 21.a4 Rab8 22.Qxe5 dxe5
23.Ng3 Kf8 24.h3 Nd7 25.Be2 Nc5 26.Rxd8+ Rxd8 27.Rd1 Rd4 28.Kg1 g6 29.Bf3 Ke7
30.Kf2 Kd6 31.Ke3 Rxd1 32.Bxd1 f5 33.exf5 gxf5 34.Nf1 f4+ 35.Kf2 e4 36.g3 Bxh3
37.gxf4 Bxf1 38.Kxf1 Kd5 39.c3 Nd3 40.f5 c5 41.b4 cxb4 42.cxb4 Nxb4 43.Kf2 Ke5
44.Bg4 Nd5 45.Ke2 Ne7  0-1